| 000 | 00904cab a2200265 4500 | ||
|---|---|---|---|
| 001 | WB3117-13 | ||
| 008 | 090401t1995 xxu||||| |||| 00| 0 eng d | ||
| 035 | _a(Sirsi) u61211 | ||
| 041 | _aeng | ||
| 245 | _aMoney into new developments | ||
| 260 | _c1995 | ||
| 350 | _a0 | ||
| 490 |
_aEstates Gazette _v(9517) 29 April 1995, 45(1) |
||
| 520 | _aInstitutional investors have more than doubled funding commitments to property developments in the first few months of 1995 according to Jones Lang Wootton`s analysis of the funding market. | ||
| 650 | _aDEVELOPMENT FUNDING | ||
| 650 | _aFUNDING MARKET | ||
| 650 | _aFUNDING | ||
| 650 | _aINSTITUTIONAL INVESTMENT | ||
| 650 | _aJONES LANG WOOTTON | ||
| 650 | _aPROPERTY DEVELOPMENT | ||
| 650 | _aSPECULATIVE SCHEMES | ||
| 690 | _aPROPERTY-COMMERCIAL PROPERTY-COMMERCIAL PROPERTY FINANCE AND INVESTMENT | ||
| 942 | _n0 | ||
| 948 | _c04/03/1997 | ||
| 999 |
_c37873 _d37873 |
||